| 000 -LEADER |
| fixed length control field |
02108cam a2200265 a 4500 |
| 001 - CONTROL NUMBER |
| control field |
15772049 |
| 003 - CONTROL NUMBER IDENTIFIER |
| control field |
OSt |
| 005 - DATE AND TIME OF LATEST TRANSACTION |
| control field |
20250124093329.0 |
| 008 - FIXED-LENGTH DATA ELEMENTS--GENERAL INFORMATION |
| fixed length control field |
090611s2009 nju b 001 0 eng |
| 010 ## - LIBRARY OF CONGRESS CONTROL NUMBER |
| LC control number |
2009023406 |
| 020 ## - INTERNATIONAL STANDARD BOOK NUMBER |
| International Standard Book Number |
9781118011577 |
| 040 ## - CATALOGING SOURCE |
| Original cataloging agency |
DLC |
| Transcribing agency |
DLC |
| Modifying agency |
DLC |
| -- |
KH8 |
| 043 ## - GEOGRAPHIC AREA CODE |
| Geographic area code |
n-us--- |
| 082 00 - DEWEY DECIMAL CLASSIFICATION NUMBER |
| Classification number |
332.015 STA |
| 100 1# - MAIN ENTRY--PERSONAL NAME |
| Personal name |
Stanley, Thomas J. |
| Relator term |
author. |
| 245 10 - TITLE STATEMENT |
| Title |
Stop acting rich : |
| Remainder of title |
--and start living like a real millionaire / |
| Statement of responsibility, etc. |
Thomas J. Stanley. |
| 260 ## - PUBLICATION, DISTRIBUTION, ETC. |
| Place of publication, distribution, etc. |
Hoboken, N.J. : |
| Name of publisher, distributor, etc. |
Wiley, |
| Date of publication, distribution, etc. |
c2009. |
| 300 ## - PHYSICAL DESCRIPTION |
| Extent |
xiv, 274 p. ; |
| Dimensions |
24 cm. |
| 504 ## - BIBLIOGRAPHY, ETC. NOTE |
| Bibliography, etc. note |
Includes bibliographical references (p. [251]-255) and index. |
| 520 ## - SUMMARY, ETC. |
| Summary, etc. |
"A leading expert on the affluent reveals the real way to build wealth With well over two million of his books sold, and huge praise from many media outlets, Dr. Thomas J. Stanley is a recognized and highly respected authority on the wealthy, their behavior, and their thinking. Now, in Stop Acting Rich, he details how the less affluent have fallen into the elite luxury brand trap that keeps them from truly acquiring wealth and details how to get out of it by emulating the working rich as opposed to the super elite. A defensive strategy for tough times, Stop Acting Rich will show you how to live like Warren Buffett-a rich, happy life-through accumulating more wealth and using it to achieve the type of financial freedom that will create true happiness and fulfillment. Puts wealth in perspective and shows you how to live rich without spending more Details why we spend lavishly and how to stop this destructive cycle Discusses how being "rich" means more than just big houses and luxury cars Other titles by Stanley: The Millionaire Mind and The Millionaire Next Door It's time to understand why we buy what we buy, so that we can start accumulating, rather than depleting, wealth. Stop Acting Rich shows you exactly what it takes to achieve this elusive goal"--Provided by publisher. |
| 650 #0 - SUBJECT ADDED ENTRY--TOPICAL TERM |
| Topical term or geographic name entry element |
Wealth |
| Geographic subdivision |
United States. |
| 650 #0 - SUBJECT ADDED ENTRY--TOPICAL TERM |
| Topical term or geographic name entry element |
Rich people |
| Geographic subdivision |
United States. |
| 650 #0 - SUBJECT ADDED ENTRY--TOPICAL TERM |
| Topical term or geographic name entry element |
Finance, Personal |
| Geographic subdivision |
United States. |
| 942 ## - ADDED ENTRY ELEMENTS (KOHA) |
| Source of classification or shelving scheme |
|
| Koha item type |
Books - Non Ficton |